Statistics for Final Fantasy Series General Knowledge

Click here to take the quiz!

General Stats

  • This quiz has been taken 31 times
  • The average score is 7 of 15

Answer Stats

SeriesQuestionsAnswer% Correct
Final Fantasy VIIWhat do you call an orb that allows the character to cast spells, summon, and use new command abilities, boost stats and give support abilities?Materia
96%
Final Fantasy XWhat are the fictional sport that Tidus competes in?Blitzball
93%
Final Fantasy VWho is the evil spirit who was once sealed by the four Warriors of dawn?Exdeath
78%
Final Fantasy IXWhat are the creatures that enable you to save your progress?Moogles
70%
Final Fantasy IIWho is the Dark Knight who went rouge and became conflicted with the protagonists?Leon
59%
Final Fantasy IVWhat do you call the race of humanoids who lives in an artificial moon orbits of the planet?Lunarians
59%
Final Fantasy VIIIWhat is the Super High Mobility Flying Ship that resides the Boss Propagator and also it was the fastest vehicle in the game?Ragnarok
59%
Final Fantasy VIWhat is the name of the War that happened thousand years prior to the beginning of the game?War of the Magi
59%
Final Fantasy XVWhat is the full name of the Protagonist?Noctis Lucis Caelum
41%
Final Fantasy XIIIWhat is Lightning's weapon of choice?Gunblade
37%
Final FantasyWhat do you call the four youth protagonists in the series?Light Warriors
33%
Final Fantasy IIIWhat is the name of the village where Luneth and the other orphans grew up?Village of Ur
30%
Final Fantasy XIVWhat are the tribes that worship ancient gods called the Primals?Beastmen
11%
Final Fantasy XIIWhat nickname did Dalan gave Vaan?Vaan Ratsbane
4%
Final Fantasy XIWhat do you call the competition activities that allows you to attack other players in PvP?Conflict
0%

Score Distribution

Percentile by Number Answered

Percent of People with Each Score

Your Score History

You have not taken this quiz